000
00248nam a22001217a 4500
003
SGT
082
_b
KUM
100
_a
KUMAR, SANDEEP
245
_a
LEARNING AND TEACHING
260
_a
DELHI
_b
EDU PUB.
_c
2016
300
_a
165
942
_2
ddc
_c
BK
_0
3
999
_c
19892
_d
19892